Tile Select - Cities - Statistics

General Stats
  • This quiz has been taken 20,486 times
  • The average score is 33 of 45
Answer Stats
Question Tile Select % Correct
cities which are in Africa Mumbai No
97%
cities which are in Africa Casablanca Yes
93%
cities which are in Africa Chittagong No
93%
cities which are in Africa Jeddah No
91%
cities which are in Africa Pretoria Yes
91%
cities which are in Africa Kathmandu No
90%
cities that were founded BEFORE the year 1800 Las Vegas No
90%
cities that were founded BEFORE the year 1800 Rome Yes
90%
cities with an elevation above 1000 meters (3280 feet) Dallas No
88%
cities with a latitude above 60° North Hobart No
87%
cities that were founded BEFORE the year 1800 Baghdad Yes
86%
cities which are in Africa Dakar Yes
86%
cities that have hosted the Summer or Winter Olympics Paris Yes
86%
cities which are in Africa Kampala Yes
82%
cities with a latitude above 60° North Nuuk Yes
82%
cities that have hosted the Summer or Winter Olympics Seoul Yes
82%
cities that were founded BEFORE the year 1800 Brasília No
81%
cities that have hosted the Summer or Winter Olympics Istanbul No
81%
cities that have hosted the Summer or Winter Olympics Warsaw No
81%
cities that were founded BEFORE the year 1800 Miami No
79%
cities with an elevation above 1000 meters (3280 feet) Bogotá Yes
76%
cities that have hosted the Summer or Winter Olympics Johannesburg No
76%
cities with an elevation above 1000 meters (3280 feet) Kinshasa No
76%
cities that have hosted the Summer or Winter Olympics Vancouver Yes
75%
cities with an elevation above 1000 meters (3280 feet) Denver Yes
73%
cities that were founded BEFORE the year 1800 Boston Yes
70%
cities that were founded BEFORE the year 1800 Lima Yes
69%
cities with a latitude above 60° North Amsterdam No
66%
cities with an elevation above 1000 meters (3280 feet) Vienna No
66%
cities with a latitude above 60° North Murmansk Yes
65%
cities with an elevation above 1000 meters (3280 feet) Buenos Aires No
64%
cities with a latitude above 60° North Fairbanks Yes
64%
cities that have hosted the Summer or Winter Olympics Melbourne Yes
64%
cities with an elevation above 1000 meters (3280 feet) Mexico City Yes
64%
cities that have hosted the Summer or Winter Olympics Shanghai No
63%
cities that were founded BEFORE the year 1800 Guangzhou Yes
60%
cities which are in Africa Benghazi Yes
58%
cities with a latitude above 60° North Ulaanbaatar No
58%
cities that have hosted the Summer or Winter Olympics Sarajevo Yes
55%
cities that were founded BEFORE the year 1800 Tel Aviv No
52%
cities with a latitude above 60° North Hammerfest Yes
50%
cities with an elevation above 1000 meters (3280 feet) Addis Ababa Yes
49%
cities with a latitude above 60° North Winnipeg No
48%
cities with an elevation above 1000 meters (3280 feet) Davos Yes
43%
cities with a latitude above 60° North Vladivostok No
41%
No matching quizzes found
Score Distribution
Percent of People with Each Score
Percentile by Number Answered
Your Score History
You have not taken this quiz